[Event "EU-ch 25th"]
[Site "Eforie Nord"]
[Date "2025.03.20"]
[Round "6"]
[White "Tudor, Henry Edward"]
[Black "Can, Isik"]
[Result "1/2-1/2"]
[WhiteElo "2384"]
[BlackElo "2539"]
[PlyCount "47"]
[EventDate "2025.03.15"]
[EventType "swiss"]
[EventRounds "11"]
[EventCountry "ROU"]
[SourceTitle "CB13_2025"]
[SourceDate "2025.03.26"]
[SourceVersion "1"]
[SourceVersionDate "2025.03.26"]
[SourceQuality "1"]

1. d4 e6 2. c4 b6 3. e4 Bb4+ 4. Bd2 Bxd2+ 5. Qxd2 d5 6. cxd5 exd5 7. exd5 Ne7 8. Bb5+ Nd7 9. d6 cxd6 10. Ne2 0-0 11. 0-0 Nf6 12. Nbc3 a6 13. Bd3 Bf5 14. Ng3 Bxd3 15. Qxd3 b5 16. Nge4 Nxe4 17. Nxe4 Qd7 18. Qg3 Qe6 19. Nxd6 Rfd8 20. Rfe1 Qxd6 21. Qxd6 Rxd6 22. Rxe7 Rxd4 23. Rae1 Kf8 24. g3 1/2-1/2

[Event "EU-ch 25th"]
[Site "Eforie Nord"]
[Date "2025.03.18"]
[Round "4"]
[White "Saric, Ivan"]
[Black "Can, Isik"]
[Result "1-0"]
[WhiteElo "2652"]
[BlackElo "2539"]
[PlyCount "79"]
[EventDate "2025.03.15"]
[EventType "swiss"]
[EventRounds "11"]
[EventCountry "ROU"]
[SourceTitle "CB13_2025"]
[SourceDate "2025.03.26"]
[SourceVersion "1"]
[SourceVersionDate "2025.03.26"]
[SourceQuality "1"]

1. Nf3 d5 2. c4 c6 3. g3 g6 4. Bg2 Bg7 5. 0-0 Nf6 6. d4 0-0 7. a4 Bf5 8. Nc3 dxc4 9. a5 Nd5 10. Qa4 b5 11. axb6 Nxb6 12. Qa5 N8d7 13. h4 Qc8 14. h5 Re8 15. h6 Bh8 16. Bf4 Nd5 17. Nxd5 cxd5 18. Qxd5 Nb6 19. Qb5 Be4 20. Rfc1 Qb7 21. Be5 Bf6 22. Qa6 Qd7 23. e3 Qf5 24. Bxf6 Bxf3 25. Bxf3 Qxf3 26. Be5 Rec8 27. Bf4 f6 28. e4 g5 29. Bd2 Rc7 30. Re1 Qh5 31. d5 Rd8 32. Ba5 Rd6 33. Bb4 Rdd7 34. Bxe7 Qxh6 35. d6 Rxe7 36. dxc7 Rxc7 37. e5 f5 38. e6 Re7 39. Qb5 f4 40. Ra5 1-0

[Event "Wch Blitz"]
[Site "New York"]
[Date "2024.12.30"]
[Round "4"]
[White "Can, Isik"]
[Black "Bok, Benjamin"]
[Result "1/2-1/2"]
[WhiteElo "2499"]
[BlackElo "2593"]
[PlyCount "57"]
[EventDate "2024.12.30"]
[EventType "swiss (blitz)"]
[EventRounds "13"]
[EventCountry "USA"]
[SourceTitle "CB01_2025"]
[SourceDate "2025.01.01"]
[SourceVersion "1"]
[SourceVersionDate "2025.01.01"]
[SourceQuality "1"]

1. e4 c5 2. Nf3 d6 3. d4 cxd4 4. Nxd4 Nf6 5. Nc3 a6 6. h3 e5 7. Nb3 Be6 8. f4 b5 9. f5 Bc8 10. a3 Bb7 11. Bg5 Nbd7 12. Bd3 Be7 13. Qf3 Rc8 14. 0-0-0 Rxc3 15. bxc3 d5 16. exd5 Bxd5 17. Qe3 Bxa3+ 18. Kb1 Qc7 19. Bxf6 Nxf6 20. Rhe1 e4 21. Bxb5+ axb5 22. Rxd5 Nxd5 23. Qxe4+ Be7 24. Qxd5 0-0 25. Qe5 Bd6 26. Qd4 Be7 27. Qe5 Bd6 28. Qd4 Be7 29. Qe5 1/2-1/2

[Event "Wch Blitz"]
[Site "New York"]
[Date "2024.12.30"]
[Round "7"]
[White "Can, Isik"]
[Black "Meier, Georg"]
[Result "1-0"]
[WhiteElo "2499"]
[BlackElo "2599"]
[PlyCount "111"]
[EventDate "2024.12.30"]
[EventType "swiss (blitz)"]
[EventRounds "13"]
[EventCountry "USA"]
[SourceTitle "CB01_2025"]
[SourceDate "2025.01.01"]
[SourceVersion "1"]
[SourceVersionDate "2025.01.01"]
[SourceQuality "1"]

1. e4 e6 2. d4 d5 3. Nc3 dxe4 4. Nxe4 Nd7 5. Nf3 Ngf6 6. Nxf6+ Nxf6 7. c3 Be7 8. Bd3 0-0 9. Qe2 b6 10. Bf4 Bb7 11. 0-0-0 Qc8 12. Kb1 c5 13. h4 Rd8 14. Be5 Kf8 15. Rhg1 Qc6 16. Ng5 h6 17. Bxf6 Bxf6 18. Be4 Qc7 19. Bxb7 Qxb7 20. Nh7+ Ke7 21. Nxf6 gxf6 22. dxc5 bxc5 23. Qe3 Rd5 24. c4 Rb8 25. b3 Re5 26. Qd2 Qc7 27. f3 a5 28. Ka1 h5 29. Qc3 Re2 30. g4 Qe5 31. Qxe5 Rxe5 32. Rde1 Rh8 33. Rxe5 fxe5 34. Rh1 f5 35. gxh5 Kf6 36. Kb2 e4 37. fxe4 f4 38. Kc3 Ke5 39. Kd3 Rd8+ 40. Ke2 Kxe4 41. Rg1 f3+ 42. Ke1 Ke3 43. Rg3 Kf4 44. Rg6 e5 45. Rf6+ Ke3 46. h6 Rh8 47. h5 e4 48. Kf1 f2 49. Rxf2 Rxh6 50. Rf5 Kd4 51. Rd5+ Kc3 52. Rxc5 a4 53. bxa4 Kb4 54. Re5 Kxa4 55. Ke2 Kb4 56. c5 1-0

[Event "Wch Blitz"]
[Site "New York"]
[Date "2024.12.30"]
[Round "11"]
[White "Zemlyanskii, Ivan"]
[Black "Can, Isik"]
[Result "1-0"]
[WhiteElo "2543"]
[BlackElo "2499"]
[PlyCount "85"]
[EventDate "2024.12.30"]
[EventType "swiss (blitz)"]
[EventRounds "13"]
[EventCountry "USA"]
[SourceTitle "CB01_2025"]
[SourceDate "2025.01.01"]
[SourceVersion "1"]
[SourceVersionDate "2025.01.01"]
[SourceQuality "1"]

1. d4 d5 2. c4 c6 3. Nf3 Nf6 4. Nc3 dxc4 5. a4 Bf5 6. Ne5 Nbd7 7. Nxc4 Nb6 8. Ne5 a5 9. h4 g6 10. h5 gxh5 11. f3 Bg6 12. e4 Nfd7 13. Nxd7 Nxd7 14. f4 e6 15. Qf3 Qf6 16. Be3 Bb4 17. Kf2 0-0-0 18. Bd3 e5 19. fxe5 Nxe5 20. dxe5 Qxf3+ 21. gxf3 Rxd3 22. Rac1 Re8 23. Bf4 Kd8 24. Rcd1 Rxd1 25. Rxd1+ Ke7 26. Bg5+ Kf8 27. Bf6 Be7 28. Ne2 Bxf6 29. exf6 Re6 30. Rd8+ Re8 31. Rd7 Re6 32. Rxb7 Rxf6 33. Ke3 h4 34. Nf4 Rd6 35. Ra7 Rd1 36. Rxa5 Rh1 37. Rc5 h3 38. Rc2 Re1+ 39. Kd4 Rf1 40. Nxh3 Rxf3 41. Nf2 Rb3 42. Kc4 Rb8 43. b4 1-0

[Event "Wch Rapid"]
[Site "New York"]
[Date "2024.12.28"]
[Round "10"]
[White "Can, Isik"]
[Black "Sargsyan, Shant"]
[Result "1/2-1/2"]
[WhiteElo "2371"]
[BlackElo "2601"]
[PlyCount "121"]
[EventDate "2024.12.26"]
[EventType "swiss (rapid)"]
[EventRounds "13"]
[EventCountry "USA"]
[SourceTitle "CB01_2025"]
[SourceDate "2025.01.01"]
[SourceVersion "1"]
[SourceVersionDate "2025.01.01"]
[SourceQuality "1"]

1. e4 e6 2. d4 d5 3. Nd2 c5 4. exd5 Qxd5 5. Ngf3 cxd4 6. Bc4 Qd6 7. 0-0 Nf6 8. Nb3 Nc6 9. Nbxd4 Nxd4 10. Nxd4 Be7 11. c3 0-0 12. Qf3 Qc7 13. Bb3 Bd7 14. Bg5 a5 15. Bc2 h6 16. Bh4 Bc6 17. Nxc6 Qxc6 18. Qxc6 bxc6 19. Ba4 Rfc8 20. Rfd1 Kf8 21. Kf1 Rab8 22. Rab1 Ne4 23. Bg3 Rb7 24. Bc2 Nxg3+ 25. hxg3 Rcb8 26. b3 Bf6 27. Be4 Rc7 28. Ke2 Ke7 29. Kd3 g5 30. g4 Rb5 31. Kc4 Re5 32. Bf3 h5 33. Re1 hxg4 34. Bxg4 Rd5 35. Rbd1 Bg7 36. a4 f5 37. Bf3 g4 38. Be2 Kf6 39. b4 Bf8 40. f3 g3 41. f4 Rb7 42. Bf3 axb4 43. Bxd5 exd5+ 44. Kd3 bxc3 45. Rb1 Bb4 46. Re5 Rb6 47. Rh1 Ba3 48. Rh5 Rb2 49. Rhxf5+ Kg6 50. Rg5+ Kf6 51. Rgf5+ Kg6 52. Kxc3 Rxg2 53. Rg5+ Kf6 54. Rgf5+ Kg6 55. Rg5+ Kf6 56. Re3 Bc5 57. Rexg3 Ra2 58. Rg6+ Kf5 59. Kb3 Ra3+ 60. Kb2 Rxa4 61. Rxc6 1/2-1/2

[Event "Wch Rapid"]
[Site "New York"]
[Date "2024.12.28"]
[Round "11"]
[White "Cheparinov, Ivan"]
[Black "Can, Isik"]
[Result "1-0"]
[WhiteElo "2638"]
[BlackElo "2371"]
[PlyCount "97"]
[EventDate "2024.12.26"]
[EventType "swiss (rapid)"]
[EventRounds "13"]
[EventCountry "USA"]
[SourceTitle "CB01_2025"]
[SourceDate "2025.01.01"]
[SourceVersion "1"]
[SourceVersionDate "2025.01.01"]
[SourceQuality "1"]

1. Nf3 d5 2. d4 Nf6 3. c4 c6 4. e3 Bf5 5. Nc3 e6 6. Nh4 Be4 7. f3 Bg6 8. Qb3 Qc7 9. Bd2 Be7 10. 0-0-0 dxc4 11. Bxc4 a5 12. Nxg6 hxg6 13. Kb1 a4 14. Qc2 a3 15. b3 Na6 16. e4 b5 17. Be2 Qb7 18. h4 Nb4 19. Qc1 Nd7 20. g4 e5 21. dxe5 Nxe5 22. Be3 0-0 23. f4 Nd7 24. h5 Rfd8 25. hxg6 fxg6 26. Nxb5 cxb5 27. Bc4+ bxc4 28. Qxc4+ Nd5 29. Rxd5 Qb4 30. Qxb4 Bxb4 31. Rhd1 Re8 32. Rxd7 Rxe4 33. Bc1 Rae8 34. R7d4 Kf7 35. g5 Bc5 36. Rxe4 Rxe4 37. Rd5 Be7 38. Kc2 Ke6 39. Rd3 Bc5 40. Bd2 Re2 41. Kc3 Re4 42. Rd8 Re2 43. Re8+ Be7 44. Kd3 Kd7 45. Kxe2 Kxe8 46. Kd3 Kd7 47. b4 Kc6 48. Kc4 Bd6 49. Be3 1-0

[Event "Saint Louis Masters op"]
[Site "Saint Louis"]
[Date "2024.12.05"]
[Round "5"]
[White "Can, Isik"]
[Black "Quesada Perez, Yasser"]
[Result "1-0"]
[WhiteElo "2499"]
[BlackElo "2577"]
[PlyCount "65"]
[EventDate "2024.12.03"]
[EventType "swiss"]
[EventRounds "9"]
[EventCountry "USA"]
[SourceTitle "CB50_2024"]
[SourceDate "2024.11.01"]
[SourceVersion "1"]
[SourceVersionDate "2024.11.01"]
[SourceQuality "2"]

1. e4 e5 2. Nf3 Nc6 3. Bc4 Nf6 4. Ng5 d5 5. exd5 Na5 6. Bb5+ c6 7. dxc6 bxc6 8. Bd3 Nd5 9. Nf3 Bd6 10. 0-0 0-0 11. Re1 f5 12. Nxe5 Qf6 13. Nf3 g5 14. g3 f4 15. Nc3 Nxc3 16. dxc3 Bg4 17. h3 Bxh3 18. Nxg5 fxg3 19. f4 Bf5 20. Bxf5 Qxf5 21. Qxd6 Rae8 22. Be3 Nc4 23. Qd4 Nxb2 24. Rab1 Qxc2 25. Qd2 Qxd2 26. Bxd2 Nd3 27. Re6 Rd8 28. Re7 Rb8 29. Rxb8 Rxb8 30. Be3 Rb2 31. Rd7 Ne1 32. Rd1 Kf8 33. Bc5+ 1-0

[Event "US Masters op"]
[Site "Charlotte"]
[Date "2024.11.28"]
[Round "3"]
[White "Can, Isik"]
[Black "Han, Johnathan"]
[Result "1-0"]
[WhiteElo "2508"]
[BlackElo "2330"]
[PlyCount "71"]
[EventDate "2024.11.27"]
[EventType "swiss"]
[EventRounds "9"]
[EventCountry "USA"]
[SourceTitle "CB49_2024"]
[SourceDate "2024.12.04"]
[SourceVersion "1"]
[SourceVersionDate "2024.12.04"]
[SourceQuality "1"]

1. e4 c5 2. Nf3 d6 3. d4 cxd4 4. Nxd4 Nf6 5. Nc3 a6 6. h3 e5 7. Nb3 Be6 8. f4 b5 9. Qf3 Nc6 10. g4 h6 11. Be3 exf4 12. Bxf4 Ne5 13. Qg2 Rc8 14. 0-0-0 Ng6 15. Bd2 Be7 16. Nd5 0-0 17. Kb1 Nh4 18. Nxf6+ Bxf6 19. Qf2 Ng6 20. Nd4 Re8 21. Bd3 Bc4 22. Nf5 Bxd3 23. cxd3 d5 24. Be3 Re6 25. h4 dxe4 26. g5 exd3 27. gxf6 Rc2 28. Rxd3 Rxb2+ 29. Kxb2 Qxd3 30. fxg7 Ne5 31. Rc1 Kh7 32. g8Q+ Kxg8 33. Qg3+ Ng6 34. Rc8+ Kh7 35. Rh8+ Kxh8 36. Bd4+ 1-0

[Event "TUR-chT"]
[Site "Ankara"]
[Date "2024.07.22"]
[Round "11.18"]
[White "Can, Isik"]
[Black "Caputcuoglu, Zeki Berke"]
[Result "1-0"]
[WhiteElo "2512"]
[BlackElo "2239"]
[PlyCount "75"]
[EventDate "2024.07.14"]
[EventType "team-tourn"]
[EventRounds "15"]
[EventCountry "TUR"]
[SourceTitle "EXT 2025"]
[Source "ChessBase"]
[SourceDate "2024.10.14"]
[SourceVersion "1"]
[SourceVersionDate "2024.10.14"]
[SourceQuality "1"]
[WhiteTeam "Bayegan Pendik"]
[BlackTeam "Tarsus Zeka"]
[WhiteTeamCountry "TUR"]
[BlackTeamCountry "TUR"]

1. e4 e5 2. Nf3 Nc6 3. Bb5 a6 4. Bxc6 dxc6 5. 0-0 Bg4 6. h3 Bh5 7. g4 Bg6 8. Nxe5 Bd6 9. Nxg6 hxg6 10. Qf3 Qd7 11. d3 f5 12. Nd2 0-0-0 13. Nc4 Rf8 14. Kg2 Nf6 15. exf5 gxf5 16. Qxf5 Qxf5 17. gxf5 Nd5 18. Nxd6+ cxd6 19. Bd2 Rxf5 20. Rae1 Kd7 21. Re4 Nf6 22. Re3 Nh5 23. Rf3 g6 24. Rxf5 gxf5 25. Bc3 Re8 26. Kf3 Rg8 27. Re1 Rg6 28. b4 b6 29. a4 c5 30. bxc5 bxc5 31. Rb1 d5 32. Rb7+ Kc6 33. Rh7 Nf6 34. Bxf6 Rxf6 35. h4 Kb6 36. h5 Ka5 37. Kf4 Kxa4 38. Rb7 1-0

[Event "TUR-chT"]
[Site "Ankara"]
[Date "2024.07.21"]
[Round "9.12"]
[White "Can, Isik"]
[Black "Subelj, Jan"]
[Result "0-1"]
[WhiteElo "2512"]
[BlackElo "2494"]
[PlyCount "76"]
[EventDate "2024.07.14"]
[EventType "team-tourn"]
[EventRounds "15"]
[EventCountry "TUR"]
[SourceTitle "EXT 2025"]
[Source "ChessBase"]
[SourceDate "2024.10.14"]
[SourceVersion "1"]
[SourceVersionDate "2024.10.14"]
[SourceQuality "1"]
[WhiteTeam "Bayegan Pendik"]
[BlackTeam "Darassufaka Spor"]
[WhiteTeamCountry "TUR"]
[BlackTeamCountry "TUR"]

1. e4 e5 2. Nc3 Nf6 3. Bc4 Nc6 4. d3 Na5 5. Nge2 a6 6. f4 Nxc4 7. dxc4 Bc5 8. Ng3 d6 9. f5 c6 10. a4 h5 11. Qf3 h4 12. Nge2 Qa5 13. Be3 Bxe3 14. Qxe3 b5 15. 0-0-0 Qb4 16. Qd3 Bb7 17. Rhf1 Ke7 18. Na2 bxc4 19. Nxb4 cxd3 20. cxd3 Ng4 21. Kd2 Nxh2 22. Rh1 Ng4 23. Rc1 a5 24. Nc2 Ba6 25. Ne3 Nxe3 26. Kxe3 Kd7 27. Rc3 Rab8 28. b3 d5 29. exd5 cxd5 30. Rc5 d4+ 31. Kf2 Kd6 32. Rxa5 Bxd3 33. Rd1 Rxb3 34. Ra7 h3 35. Ng3 Rb2+ 36. Kf3 hxg2 37. Rxf7 Rh1 38. Nxh1 gxh1Q+ 0-1

[Event "TUR-chT"]
[Site "Ankara"]
[Date "2024.07.21"]
[Round "10.42"]
[White "Kuru, Atilla"]
[Black "Can, Isik"]
[Result "0-1"]
[WhiteElo "2372"]
[BlackElo "2512"]
[PlyCount "76"]
[EventDate "2024.07.14"]
[EventType "team-tourn"]
[EventRounds "15"]
[EventCountry "TUR"]
[SourceTitle "EXT 2025"]
[Source "ChessBase"]
[SourceDate "2024.10.14"]
[SourceVersion "1"]
[SourceVersionDate "2024.10.14"]
[SourceQuality "1"]
[WhiteTeam "Aquamatch Deniz"]
[BlackTeam "Bayegan Pendik"]
[WhiteTeamCountry "TUR"]
[BlackTeamCountry "TUR"]

1. e4 c5 2. Nf3 e6 3. c3 Nf6 4. e5 Nd5 5. a3 b6 6. d4 cxd4 7. cxd4 Bb7 8. Nc3 Nxc3 9. bxc3 Qc7 10. Bd2 d6 11. Bd3 Nd7 12. exd6 Bxd6 13. 0-0 0-0 14. Re1 h6 15. h3 Rac8 16. Qc1 Bxf3 17. gxf3 Qd8 18. Kg2 Qh4 19. a4 Nf6 20. a5 Rfd8 21. axb6 axb6 22. Ra4 Nd5 23. Re4 Qh5 24. Qe1 Qg6+ 25. Kh1 Qf5 26. Kg2 Bf4 27. h4 Bxd2 28. Qxd2 Rxc3 29. Be2 Rdc8 30. Ra2 g5 31. hxg5 hxg5 32. Rg4 Nf4+ 33. Qxf4 Qxf4 34. Rxf4 gxf4 35. Ra6 Rb3 36. Kh3 Rb2 37. Bd3 Rxf2 38. Kg4 Rc3 0-1

[Event "TUR-chT"]
[Site "Ankara"]
[Date "2024.07.17"]
[Round "5.10"]
[White "Dastan, Batuhan Muhammed"]
[Black "Can, Isik"]
[Result "1/2-1/2"]
[WhiteElo "2553"]
[BlackElo "2512"]
[PlyCount "58"]
[EventDate "2024.07.14"]
[EventType "team-tourn"]
[EventRounds "15"]
[EventCountry "TUR"]
[SourceTitle "EXT 2025"]
[Source "ChessBase"]
[SourceDate "2024.10.14"]
[SourceVersion "1"]
[SourceVersionDate "2024.10.14"]
[SourceQuality "1"]
[WhiteTeam "Turk Hava Yollari"]
[BlackTeam "Bayegan Pendik"]
[WhiteTeamCountry "TUR"]
[BlackTeamCountry "TUR"]

1. Nf3 Nf6 2. g3 d5 3. Bg2 g6 4. b3 c5 5. Bb2 Bg7 6. 0-0 0-0 7. c4 d4 8. b4 Re8 9. d3 e5 10. bxc5 Nbd7 11. Nfd2 Nxc5 12. Ba3 Qc7 13. Nb3 Na4 14. Nxd4 exd4 15. Qxa4 Rxe2 16. Bf3 Re8 17. Nd2 Bf5 18. Qb3 Bh6 19. Rfd1 Qe5 20. Qb5 Qxb5 21. cxb5 Bg4 22. Kg2 Bxd2 23. Rxd2 Bxf3+ 24. Kxf3 Re5 25. Bb2 Rxb5 26. Bxd4 Rd5 27. Bb2 Nd7 28. Re1 Nc5 29. Re7 Rxd3+ 1/2-1/2